000 00533nam a2200169Ia 4500
999 _c809
_d809
003 OSt
005 20210916123441.0
008 190216s9999||||xx |||||||||||||| ||und||
040 _coclc
082 _a492.7
_2NAH/A
100 _aNahovi, Adnan Binu Ali Riza Binu Mohamed
_98777
245 0 _aAham Al Ahathah Samiha Fee Lahathul Arabiya /
_cAdnan Binu Ali Riza Binu Mohamed Nahovi
260 _bAl Huda Book Stall,
_aCalicut:
300 _a80p
650 _aArabic
942 _cBK
_2ddc
_h492.7
_iNAH/A
_k492.7
_mNAH/A